Le théâtre au choeur (notice n° 1634629)

détails MARC
000 -LEADER
fixed length control field 01348cam a2200217 4500500
005 - DATE AND TIME OF LATEST TRANSACTION
control field 20260111132234.0
041 ## - LANGUAGE CODE
Language code of text/sound track or separate title fre
042 ## - AUTHENTICATION CODE
Authentication code dc
100 10 - MAIN ENTRY--PERSONAL NAME
Personal name Clément, Coraline
Relator term author
245 00 - TITLE STATEMENT
Title Le théâtre au choeur
260 ## - PUBLICATION, DISTRIBUTION, ETC.
Date of publication, distribution, etc. 2025.<br/>
500 ## - GENERAL NOTE
General note 37
520 ## - SUMMARY, ETC.
Summary, etc. On dit parfois que la psychothérapie institutionnelle, c’est la possibilité de rencontrer l’autre sur une multiplicité de scènes. Le lieu de la scène par excellence, c’est le théâtre. Voilà sans doute pourquoi, à La Borde comme à La Chesnaie, le théâtre occupe une place toute singulière. Mais qu’advient-il quand le théâtre sort des murs de l’institution ? Où se situe le soin quand l’atelier théâtre devient compagnie au-dehors ? Qu’est-ce qui se joue, du soin et de l’art, sur scène, pendant qu’on joue, et quand on ne joue pas, dans les coulisses, chez la costumière, sur les routes de la tournée ? Faire troupe de théâtre, c’est refonder l’institution ?
690 ## - LOCAL SUBJECT ADDED ENTRY--TOPICAL TERM (OCLC, RLIN)
Topical term or geographic name as entry element co-soignance
690 ## - LOCAL SUBJECT ADDED ENTRY--TOPICAL TERM (OCLC, RLIN)
Topical term or geographic name as entry element hors<br/>les murs
690 ## - LOCAL SUBJECT ADDED ENTRY--TOPICAL TERM (OCLC, RLIN)
Topical term or geographic name as entry element représentation
690 ## - LOCAL SUBJECT ADDED ENTRY--TOPICAL TERM (OCLC, RLIN)
Topical term or geographic name as entry element résidence artistique
690 ## - LOCAL SUBJECT ADDED ENTRY--TOPICAL TERM (OCLC, RLIN)
Topical term or geographic name as entry element Théâtre
786 0# - DATA SOURCE ENTRY
Note VST - Vie sociale et traitements | 168 | 4 | 2025-12-05 | p. 54-55 | 0396-8669
856 41 - ELECTRONIC LOCATION AND ACCESS
Uniform Resource Identifier <a href="https://shs.cairn.info/revue-vst-vie-sociale-et-traitements-2025-4-page-54?lang=fr&redirect-ssocas=7080">https://shs.cairn.info/revue-vst-vie-sociale-et-traitements-2025-4-page-54?lang=fr&redirect-ssocas=7080</a>

Pas d'exemplaire disponible.

PLUDOC

PLUDOC est la plateforme unique et centralisée de gestion des bibliothèques physiques et numériques de Guinée administré par le CEDUST. Elle est la plus grande base de données de ressources documentaires pour les Étudiants, Enseignants chercheurs et Chercheurs de Guinée.

Adresse

627 919 101/664 919 101

25 boulevard du commerce
Kaloum, Conakry, Guinée

Réseaux sociaux

Powered by Netsen Group @ 2025